000 00342 a2200133 4500
001 64819
040 _cAnchieta - Pituba
100 _aPINTO, Valdir de Souza
240 1 0 _a1ª Avaliação de Inglês, 1º série
_lpor
245 1 0 _a1ª Avaliação de Inglês, 1º série
362 0 _a2018
650 4 _aInglês e inglês antigo
942 _cBK
999 _c64819
_d64819